| 000 | 00617nam a22001937a 4500 | ||
|---|---|---|---|
| 005 | 20251108165421.0 | ||
| 008 | 250721s1992 xx 000 0 ara d | ||
| 082 | 1 | 4 | _aم/932/سيو |
| 100 | 1 | _aالسيوطي، جلال الدين أبو الفضل عبد الرحمن ... | |
| 245 | 1 | 0 | _aتحفة الكرام بخبر الأهرام / |
| 264 | 1 |
_aالقاهرة : _bمكتبة إبن سينا، _c1992. |
|
| 300 | _a64ص | ||
| 650 | 1 | 7 | _aمصر |
| 650 | 1 | 7 | _aالتاريخ القديم |
| 650 | 1 | 7 | _aالأهرامات |
| 700 | 1 |
_aجاهين، سامي _eتحقيق |
|
| 942 |
_2ddc _cREF |
||
| 999 |
_c27409 _d27409 |
||